|
|
|
|
| LEADER |
00000naa2a2200000 4500 |
| 001 |
193683 |
| 005 |
20231031182023.0 |
| 035 |
|
|
|a (RuTPU)RU\TPU\book\211230
|
| 090 |
|
|
|a 193683
|
| 100 |
|
|
|a 20110325d2010 k y0rusy50 ca
|
| 101 |
0 |
|
|a rus
|
| 102 |
|
|
|a RU
|
| 200 |
1 |
|
|a Место и роль христианства в современной Южной Корее
|f Т. В. Дехнич
|
| 320 |
|
|
|a Библиогр.: 7 назв.
|
| 463 |
|
0 |
|0 (RuTPU)RU\TPU\book\205127
|y 978-5-98298-643-6
|t Актуальные проблемы гуманитарных наук
|o сборник трудов IX Международной научно-практической конференции студентов, аспирантов и молодых ученых, 22-23 апреля 2010 г., Томск
|f Национальный исследовательский Томский политехнический университет (ТПУ)
|v С. 314-316
|d 2010
|p 564 с.
|
| 610 |
1 |
|
|a христианство
|
| 610 |
1 |
|
|a Южная Корея
|
| 610 |
1 |
|
|a труды учёных ТПУ
|
| 700 |
|
1 |
|a Дехнич
|b Т. В.
|
| 801 |
|
1 |
|a RU
|b 63413507
|c 20110325
|
| 942 |
|
|
|c BK
|